Revista de derecho de daños 2022 - 3 : daño ambiental. /
Guardado en:
| Formato: | Libro |
|---|---|
| Idioma: | Spanish |
| Publicado: |
Santa Fe :
Rubinzal-Culzoni,
2023.
|
| Edición: | 1a. ed. rev. |
| Materias: | |
| Etiquetas: |
Agregar Etiqueta
Sin Etiquetas, Sea el primero en etiquetar este registro!
|
| LEADER | 00561nam a22001695a 4500 | ||
|---|---|---|---|
| 001 | DER.der014822 | ||
| 008 | 230606s2023####|||||||||||||||||#||spa|| | ||
| 005 | 20230606132251.0 | ||
| 245 | 1 | 0 | |a Revista de derecho de daños 2022 - 3 : |b daño ambiental. / |c Lorenzetti, Ricardo Luis. |
| 250 | |a 1a. ed. rev. | ||
| 260 | |a Santa Fe : |b Rubinzal-Culzoni, |c 2023. | ||
| 300 | |a 926 p. | ||
| 020 | |a 978-987-30-0010-2 | ||
| 700 | 1 | |a Lorenzetti, Ricardo Luis., |e dir. | |
| 700 | 1 | |a Rivera, Julio César, |e dir. | |
| 650 | 7 | |a DERECHOS DE DAÑOS | |
| 859 | |a DERECHO |b BIB. DERECHO |h 346 |i REV |p 0010207 | ||
